| 000 | 00598nam a2200181 a 4500 | ||
|---|---|---|---|
| 005 | 20140412111304.0 | ||
| 008 | 001111s19uu xx 00 eng d | ||
| 020 | _a962-00-1120-1 | ||
| 050 |
_aTR(GS 420.7 _bGo63 1985 |
||
| 245 |
_aGogo's adventures with English : _bparent manual. |
||
| 260 |
_aHong Kong : _bLongman Asia Limited, _c1995. |
||
| 300 | _a85 p. ; col. ; ill. | ||
| 440 | _aGogo's Adventures with English | ||
| 500 | _aw/ VHS tape | ||
| 650 |
_aEnglish language _xStudy and teaching _xParent participation |
||
| 650 |
_aEnglish language _xhandbooks, manuals, etc. |
||
| 999 |
_c103594 _d103594 |
||